000 01634nam a22002897a 4500
999 _c59944
_d59944
003 Ge_BSU
005 20230522092527.0
008 230522s2008 ge ||||| |||| 00| 0 geo d
020 _a9789941123641
041 _ageo
080 _a94(=353.1)+39(=353.1) ქ-27
245 _aქართველთა ეთნიკური კულტურის საკითხები /
_cრ. თოფჩიშვილი, გ. გოცირიძე, რ. გუჯეჯიანი და სხვ. ; თსუ ისტ. და ეთნოლ. ინ-ტი.
264 _aთბილისი :
_bუნივერსალი,
_c2008.
300 _a195გვ. ;
_b20სმ.
504 _aბიბლიოგრ. ნარკვევების ბოლოს.
653 _aქართველების ისტორია
653 _aქართველების ეთნოგრაფია
653 _aქართველთა ყოფა და ტრადიციები
700 _aთოფჩიშვილი, როლანდ
_eავტორი
_94620
700 _aგოცირიძე, გ.
_eავტორი
_93122
700 _aგუჯეჯიანი, რ.
_eავტორი
_918154
700 _aიოსელიანი, ხ.
_eავტორი
_918155
700 _aღუდუშაური, თ.
_eავტორი
_918156
700 _aხუციშვილი, ქ.
_eავტორი
_96374
710 _aთსუ
_bისტორიისა და ეთნოლოგიის ინ-ტი.
_918157
942 _2udc
_cBK